000 02121nam a22003377i 4500
003 DO-SdBNP
005 20250623104303.0
007 ta
008 210414e2020 dr ||||er|||| 001 0 spa d
020 _a9789945220322
040 _aDO-SdBNP
_bspa
_cBNMPHU
_erda
041 _hspa
082 4 _a320.97293
_bM623d
_222
100 1 _aMitchell, Crhistopher,
_978385
_d1944-
245 1 0 _aDescentralizacion y partidos políticos en la República Dominicana /
_cChristopher Mitchell
264 _aSanto Domingo :
_bFLACSO-Républica Dominicana,
_c2020.
300 _a208 páginas
_c21 cm.
336 _2rdacontent
_atexto
_btxt
337 _2rdamedia
_asin mediación
_bn
338 _2rdacarrier
_avolumen
_bnc
500 _aIncluye referencias bibliográficas y notas al pie de las páginas
500 _aIncluye datos biográficos del autor en la solapa de la cubierta
500 _aIncluye índice de nombres y materias
504 _aBibliografía : p.193-199
505 1 _aÍndice de tablas --
_tLista de siglas --
_tNota acerca de la edición de FLACSO-RD
_tAgradecimientos --
_tPresentación --
_gCapítulo 1.
_tIntroducción --
_gCapítulo 2 .
_tMedidas e iniciativas favorables a la descentralización, 1994-2008 --
_gCapítulo 3.
_tLas raíces profundas y las consecuencias locales del centralismo dominicano --
_gCapítulo 4.
_tUna coalición municipalista adquiere influencia política --
_gCapítulo 5 .
_tLas alianzas partidarias, los municipios y la descentralización --
_gCapítulo 6 .
_tLa descentralización dominicana se acerca a la madurez, 1996-2013 --
_gCapítulo 7 .
_tResistencia y reacción contra la descentralización --
_gCapítulo 8 .
_tEvaluación de modelos alternativos para analizar la descentralización dominicana.-
_gCapítulo 9 .
_tUnas estrategias municipalistas para el futuro --
_tBibliografía --
_tÍndice de nombres y materias.
590 _aInventariado, 2021/MFF
650 4 _aDescentralización administrativa
_zRepública Dominicana
_93012
651 4 _aRepública Domnicana
_xPolítica y gobierno
_ySiglo XXI
_978592
910 _aValidado. Control de calidad MFF
942 _2ddc
_cLBS1
999 _c49733
_d49733